You be the jury / (Record no. 5552)

MARC details
000 -LEADER
fixed length control field 01109cam a22003013a 4500
001 - CONTROL NUMBER
control field 5552
003 - CONTROL NUMBER IDENTIFIER
control field FISKH
005 - DATE AND TIME OF LATEST TRANSACTION
control field 20241217135823.0
008 - FIXED-LENGTH DATA ELEMENTS--GENERAL INFORMATION
fixed length control field 980317m19879999nyua j 000 1 eng d
010 ## - LIBRARY OF CONGRESS CONTROL NUMBER
LC control number 97808521
020 ## - INTERNATIONAL STANDARD BOOK NUMBER
International Standard Book Number 0590443801 (pbk.)
020 ## - INTERNATIONAL STANDARD BOOK NUMBER
International Standard Book Number 078073003990
035 ## - SYSTEM CONTROL NUMBER
System control number (OCoLC)ocm38735876
040 ## - CATALOGING SOURCE
Original cataloging agency IOC
Transcribing agency IOC
Modifying agency DLC
Language of cataloging eng
050 ## - LIBRARY OF CONGRESS CALL NUMBER
Classification number PS3563.I417
082 ## - DEWEY DECIMAL CLASSIFICATION NUMBER
Classification number 793.73
100 1# - MAIN ENTRY--PERSONAL NAME
Personal name Miller, Marvin,
Fuller form of name (Marvin L.),
Dates associated with a name 1936-
Relator term author.
245 10 - TITLE STATEMENT
Title You be the jury /
Statement of responsibility, etc. Marvin Miller ; Inside illustrations by Bob Roper
260 ## - PUBLICATION, DISTRIBUTION, ETC.
Place of publication, distribution, etc. New York :
Name of publisher, distributor, etc. Scholastic,
Date of publication, distribution, etc. 1987.
300 ## - PHYSICAL DESCRIPTION
Extent 86 pages :
Dimensions 20 cm
520 ## - SUMMARY, ETC.
Summary, etc. The court is now in session, and you are the jury. You examine the evidence. You spot the clues. You decide: Guilty or Not Guilty. Ten courtroom mysteries with illustrated clues. Answers are given-but don't peek. The final verdict is up to you.
650 #0 - SUBJECT ADDED ENTRY--TOPICAL TERM
Topical term or geographic name entry element Detective and mystery stories.
655 #7 - INDEX TERM--GENRE/FORM
Genre/form data or focus term Mystery fiction.
Source of term gsafd
700 1# - ADDED ENTRY--PERSONAL NAME
Personal name Roper, Bob,
Relator term illustrator
906 ## - LOCAL DATA ELEMENT F, LDF (RLIN)
a 7
b cbc
c copycat
d 2
e ncip
f 19
g y-genrareb
942 ## - ADDED ENTRY ELEMENTS (KOHA)
Source of classification or shelving scheme Dewey Decimal Classification
Koha item type Books
Suppress in OPAC No
Holdings
Withdrawn status Lost status Source of classification or shelving scheme Damaged status Not for loan Collection Home library Current library Shelving location Date acquired Total Checkouts Full call number Barcode Date last seen Price effective from Koha item type
    Dewey Decimal Classification     Fiction Footprints International School Library Network Toul Kork Campus Footprints International School Library Network Toul Kork Campus TTP Secondary Fiction Bookshelves 12/17/2024   MIL 793.73 PS3563.I417 2024-2471 12/17/2024 12/17/2024 Books